Most Valuable Footballers - Surname Beginning With 'G' - Statistics

General Stats
  • This quiz has been taken 68 times
  • The average score is 11 of 26
Answer Stats
# CMV Club Answer % Correct
1 €90.00m Barcelona Gavi
91%
4 €70.00m Manchester City Jack Grealish
81%
2 €85.00m Newcastle United Bruno Guimarães
68%
3 €80.00m Manchester City Josko Gvardiol
68%
5 €50.00m Liverpool Cody Gakpo
60%
8 €45.00m Bayern Munich Serge Gnabry
58%
5 €50.00m Newcastle United Anthony Gordon
51%
25 €25.00m Atletico Madrid Antoine Griezmann
49%
19 €30.00m Atletico Madrid José María Giménez
49%
5 €50.00m Feyenoord Santiago Gimenez
49%
19 €30.00m Manchester United Alejandro Garnacho
42%
10 €42.00m Chelsea Conor Gallagher
42%
16 €35.00m Bayer Leverkusen Alejandro Grimaldo
38%
11 €40.00m Bayern Munich Leon Goretzka
38%
25 €25.00m Chelsea Malo Gusto
36%
16 €35.00m Liverpool Ryan Gravenberch
36%
11 €40.00m Nottingham Forest Morgan Gibbs-White
34%
15 €38.00m Crystal Palace Marc Guéhi
32%
11 €40.00m Fiorentina Nicolás González
32%
11 €40.00m Vfb Stuttgart Serhou Guirassy
28%
8 €45.00m Sporting Lisbon Viktor Gyökeres
28%
23 €28.00m Sporting Lisbon Pedro Gonçalves
25%
19 €30.00m AS Monaco Aleksandr Golovin
21%
19 €30.00m Valencia José Gayà
21%
16 €35.00m Feyenoord Lutsharel Geertruida
17%
23 €28.00m Stade Rennais Amine Gouiri
13%
No matching quizzes found
Score Distribution
Percent of People with Each Score
Percentile by Number Answered
Your Score History
You have not taken this quiz